Traduction anglais-français n°8 - Statistiques

Statistiques générales
  • Ce quiz a été pris 769 fois
  • Le résultat moyen est 24 sur 30
Statistiques - réponses
Noms anglais Noms français % Correct
Fish Poisson
99%
Chicken Poulet
99%
Candy Bonbon
97%
Cereals Céréales
97%
Cucumber Concombre
97%
Crepe Crêpe
97%
Hamburger Hamburger
97%
Omelette Omelette
96%
Sardine Sardine
96%
Cassoulet Cassoulet
95%
Yogurt Yaourt
95%
Gruyere Gruyère
94%
Meringue Meringue
94%
Onion Oignon
93%
Radish Radis
90%
Garlic Ail
89%
Horse meat Viande de cheval
88%
Mushroom Champignon
85%
Peanut Cacahuète
83%
Lollipop Sucette
83%
Turkey Dinde
80%
Waffle Gaufre
74%
Chicken wings Ailes de poulet
72%
Tuna Thon
72%
Chilli pepper Piment
63%
Pepper Poivron
57%
Cauliflower Chou-fleur
50%
Beet Betterave
22%
Cutlet Côtelette
21%
Leek Poireau
20%
Aucun quiz correspondant
Distribution des résultats
% des personnes avec chaque résultat
Percentile par nombre de réponses
Votre historique - résultats
Vous n’avez pas pris ce quiz